[Event "SR 3. liga A2 2008/2009"]
[Site "?"]
[Date "2009.03.22"]
[Round "10.8"]
[White "Markuliak, Mario"]
[Black "Vegh, Vince"]
[Result "1-0"]
[WhiteElo "1702"]
[BlackElo "1917"]
[PlyCount "65"]
[EventDate "2008.??.??"]

1. c4 f5 2. Nc3 Nf6 3. Nf3 e6 4. g3 Be7 5. Bg2 O-O 6. O-O d6 7. d4 Qe8 8. Qb3
c6 9. Bf4 Qh5 10. Rac1 Ne4 11. Nxe4 fxe4 12. Nd2 d5 13. f3 exf3 14. Nxf3 Nd7
15. Qd3 Nf6 16. Ne5 Bd7 17. e4 Rad8 18. exd5 exd5 19. cxd5 cxd5 20. Rc7 a6 21.
Bxd5+ Nxd5 22. Rxd7 Nxf4 23. Qc4+ Kh8 24. Rxf4 Rxf4 25. Rxd8+ Bxd8 26. gxf4
Qd1+ 27. Kg2 Qd2+ 28. Kf3 Qd1+ 29. Ke4 Qb1+ 30. Kd5 Qf5 31. Kd6 Qf6+ 32. Kd7 b5
33. Qf7 1-0

[Event "SR 3. liga A2 2008/2009"]
[Site "?"]
[Date "2009.03.22"]
[Round "10.1"]
[White "Pribila, Michal"]
[Black "Halas, Miroslav"]
[Result "1-0"]
[WhiteElo "2099"]
[BlackElo "1929"]
[PlyCount "53"]
[EventDate "2008.??.??"]

1. e4 c6 2. d4 d5 3. f3 e6 4. Nc3 Bb4 5. Bf4 dxe4 6. fxe4 Nf6 7. Qd3 Qa5 8. Nf3
Bxc3+ 9. bxc3 Nxe4 10. Bd2 Nxd2 11. Qxd2 Nd7 12. Bd3 Nf6 13. O-O c5 14. Qg5 O-O
15. c4 h6 16. Qe5 Rd8 17. Rad1 Bd7 18. Nd2 Ng4 19. Qg3 f5 20. Nb3 Qc3 21. h3
Nf6 22. Rf3 cxd4 23. Bxf5 Qxc4 24. Bd3 Qd5 25. Rxf6 e5 26. Nd2 Bc6 27. Bc4 1-0

[Event "SR 3. liga A2 2008/2009"]
[Site "?"]
[Date "2009.03.22"]
[Round "10.2"]
[White "Klanica, Anton"]
[Black "Pribila, Gerhard"]
[Result "0-1"]
[WhiteElo "1956"]
[BlackElo "2013"]
[PlyCount "50"]
[EventDate "2008.??.??"]

1. e4 c5 2. Nf3 d6 3. d4 cxd4 4. Nxd4 Nf6 5. Nc3 g6 6. Bb5+ Bd7 7. Bxd7+ Nbxd7
8. O-O Bg7 9. Be3 O-O 10. f3 Ne5 11. Rb1 Nc4 12. Bf2 Rc8 13. Nb3 b6 14. Nb5 Qd7
15. N5d4 d5 16. Qe2 e5 17. Rfd1 exd4 18. Bxd4 Rfe8 19. Qf2 Qc7 20. exd5 Red8
21. Qh4 Nh5 22. Bxg7 Nxg7 23. Rd3 Qe5 24. Re1 Qd6 25. Red1 Nxb2 0-1

[Event "SR 3. liga A2 2008/2009"]
[Site "?"]
[Date "2009.03.22"]
[Round "10.3"]
[White "Kocak, Branislav"]
[Black "Hagara, Vladimir"]
[Result "1/2-1/2"]
[WhiteElo "1896"]
[BlackElo "1969"]
[PlyCount "71"]
[EventDate "2008.??.??"]

1. d4 Nf6 2. c4 g6 3. Nc3 d5 4. cxd5 Nxd5 5. e4 Nxc3 6. bxc3 Bg7 7. Bc4 O-O 8.
Ne2 c5 9. O-O Nc6 10. Be3 cxd4 11. cxd4 e6 12. Rb1 Na5 13. Bd3 b6 14. f3 Bb7
15. Qd2 Rc8 16. Rfc1 Qd7 17. g3 Rxc1+ 18. Rxc1 Rc8 19. h4 Rxc1+ 20. Qxc1 Qc6
21. Kf2 Qxc1 22. Bxc1 Nc6 23. Bb2 Nb4 24. Bb1 Ba6 25. Ke3 Bc4 26. a3 Nc6 27.
Bd3 Na5 28. Bc3 Bxd3 29. Kxd3 Nb7 30. Bb4 b5 31. Nc3 a6 32. e5 Bf8 33. Ne4 h6
34. Nf6+ Kg7 35. Ne8+ Kg8 36. Nf6+ 1/2-1/2

[Event "SR 3. liga A2 2008/2009"]
[Site "?"]
[Date "2009.03.22"]
[Round "10.4"]
[White "Bahna, Jan"]
[Black "Brunovsky, Peter"]
[Result "1-0"]
[WhiteElo "1935"]
[BlackElo "1753"]
[PlyCount "123"]
[EventDate "2008.??.??"]

1. e4 c6 2. d4 d5 3. exd5 cxd5 4. Nf3 g6 5. Be2 Bg7 6. O-O Nh6 7. Ne5 O-O 8. c3
f6 9. Ng4 Nf7 10. f4 Nc6 11. Bf3 f5 12. Ne5 Nfxe5 13. dxe5 Qb6+ 14. Kh1 e6 15.
Nd2 Rd8 16. Nb3 Qc7 17. Be3 b6 18. Rc1 Ba6 19. Be2 Qb7 20. Rf2 Rac8 21. Qf1
Bxe2 22. Qxe2 Rd7 23. Rg1 Kh8 24. Qf3 g5 25. g3 g4 26. Qg2 h5 27. Rd2 Bf8 28.
Rgd1 Rcd8 29. Bd4 Rh7 30. h4 gxh3 31. Qxh3 Qg7 32. Rg1 Be7 33. Rh2 Qg6 34. Bf2
Rg8 35. Qf1 Qg4 36. Qd1 Rgg7 37. Qxg4 hxg4 38. Rxh7+ Kxh7 39. a4 Kg8 40. Rc1
Kf7 41. c4 Nb4 42. cxd5 Nxd5 43. Rc6 Bb4 44. Nd4 Rg6 45. Nb5 a6 46. Nc7 Ba5 47.
Nxa6 Rg8 48. b4 Nxb4 49. Nxb4 Bxb4 50. Rxb6 Bd2 51. Rb7+ Kg6 52. Re7 Rb8 53.
Rxe6+ Kg7 54. Bb6 Rc8 55. Re7+ Kf8 56. Rc7 Rd8 57. a5 Bb4 58. a6 Rd1+ 59. Bg1
Bd2 60. a7 Ra1 61. Rc8+ Kg7 62. a8=Q 1-0

[Event "SR 3. liga A2 2008/2009"]
[Site "?"]
[Date "2009.03.22"]
[Round "10.5"]
[White "Zajicek, Ferdinand"]
[Black "Svoboda, Adam"]
[Result "1/2-1/2"]
[WhiteElo "1946"]
[BlackElo "1815"]
[PlyCount "77"]
[EventDate "2008.??.??"]

1. e4 e6 2. d4 d5 3. e5 c5 4. c3 Nc6 5. Nf3 Qb6 6. Qd3 Bd7 7. Be2 Rc8 8. O-O
cxd4 9. Nxd4 Nxe5 10. Qg3 Ng6 11. f4 Bc5 12. Qf2 N8e7 13. Bg4 Bxd4 14. cxd4 O-O
15. Nc3 Rc4 16. Be3 Rfc8 17. Rad1 Rb4 18. Rd2 Qa6 19. a3 Rb3 20. Na2 Bb5 21.
Re1 Rd3 22. Rc2 Rxc2 23. Qxc2 Qc6 24. Nc3 Nf5 25. Bxf5 exf5 26. g3 Ba6 27. Bf2
f6 28. Rc1 Nf8 29. Kg2 Ne6 30. Rd1 Rxd1 31. Qxd1 Qc4 32. Qe1 Kf7 33. Qd1 g6 34.
h4 h5 35. Qa4 Qf1+ 36. Kf3 Qh1+ 37. Ke3 Qc1+ 38. Kf3 Qh1+ 39. Ke3 1/2-1/2

[Event "SR 3. liga A2 2008/2009"]
[Site "?"]
[Date "2009.03.22"]
[Round "10.6"]
[White "Puskas, Miroslav"]
[Black "Kastler, Peter"]
[Result "1/2-1/2"]
[WhiteElo "2001"]
[BlackElo "1690"]
[PlyCount "49"]
[EventDate "2008.??.??"]

1. e4 e5 2. Nf3 Nf6 3. Nc3 Nc6 4. Bc4 Bc5 5. O-O O-O 6. d3 d6 7. Bg5 Be6 8. Nd5
Bxd5 9. Bxd5 Ne7 10. Bxf6 gxf6 11. Nh4 Nxd5 12. exd5 Kh8 13. Qh5 Qd7 14. Qh6
Qd8 15. Kh1 Rg8 16. Rae1 Rg5 17. f4 Rg7 18. fxe5 dxe5 19. Re4 Be7 20. Rf3 Qxd5
21. Nf5 Rg6 22. Nxe7 Qxe4 23. Nxg6+ Qxg6 24. Qxg6 hxg6 25. Rxf6 $11 1/2-1/2

[Event "SR 3. liga A2 2008/2009"]
[Site "?"]
[Date "2009.03.22"]
[Round "10.7"]
[White "Papanek, Lubomir"]
[Black "Steinecker, Frantisek"]
[Result "1-0"]
[WhiteElo "1677"]
[BlackElo "1723"]
[PlyCount "61"]
[EventDate "2008.??.??"]

1. e4 d6 2. d4 Nf6 3. Nc3 g6 4. Nf3 Bg7 5. Bg5 h6 6. Bh4 O-O 7. Be2 c6 8. O-O
Bg4 9. h3 Bxf3 10. Bxf3 Nbd7 11. Bg3 Nh7 12. Bf4 Qb6 13. Be3 Rad8 14. Qd2 Ng5
15. Be2 Qc7 16. f4 Nh7 17. f5 g5 18. h4 f6 19. h5 b5 20. b4 Nb6 21. a4 Nc4 22.
Bxc4+ bxc4 23. b5 d5 24. bxc6 dxe4 25. d5 e6 26. Nb5 Qe5 27. d6 exf5 28. Bd4
Qg3 29. Rxf5 g4 30. Bf2 e3 31. Qd5+ 1-0

[Event "SR 3. liga A2 2008/2009"]
[Site "?"]
[Date "2009.03.22"]
[Round "10.8"]
[White "Babirat, Michal"]
[Black "Valla, Tomas"]
[Result "1-0"]
[WhiteElo "1588"]
[BlackElo "1350"]
[PlyCount "123"]
[EventDate "2008.??.??"]

1. c4 Nf6 2. g3 e6 3. Bg2 c5 4. Nc3 g6 5. e3 Nc6 6. Nge2 Bg7 7. d4 cxd4 8. Nxd4
a6 9. b3 O-O 10. Bb2 Qc7 11. O-O Rd8 12. Nde2 d6 13. Rc1 b6 14. Ba3 Bb7 15. Qc2
Ne5 16. Ne4 Nxe4 17. Bxe4 f5 18. Bg2 Bxg2 19. Kxg2 Qb7+ 20. f3 Rac8 21. Nd4 Qe7
22. Qe2 Nc6 23. Nxc6 Rxc6 24. Rfd1 e5 25. e4 f4 26. g4 Qe6 27. Qd2 Bf8 28. Qd5
Qxd5 29. Rxd5 Kf7 30. Rcd1 Ke6 31. Bb2 Be7 32. Bxe5 g5 33. Bb2 Rc7 34. e5 Rcd7
35. exd6 Rxd6 36. Rxd6+ Rxd6 37. Rxd6+ Bxd6 38. Kf2 Be5 39. Ba3 Bd6 40. Bc1
Bc5+ 41. Ke2 Ke5 42. Kd3 Bd4 43. Ba3 Bc5 44. Bb2+ Ke6 45. Ke4 a5 46. Be5 Be7
47. Bc7 Bc5 48. Bd8 h6 49. Bc7 Be3 50. Be5 Bf2 51. Bg7 Bc5 52. Bb2 Be7 53. Bc3
Bc5 54. Kd3 Bd6 55. Bd4 Bc5 56. Bxc5 bxc5 57. Ke4 Kd6 58. Kf5 Ke7 59. Kg6 Ke6
60. Kxh6 Kf6 61. h3 Ke5 62. Kxg5 1-0

[Event "SR 3. liga A2 2008/2009"]
[Site "?"]
[Date "2009.03.22"]
[Round "10.1"]
[White "Horak, Ivan"]
[Black "Malar, Pavol"]
[Result "1/2-1/2"]
[WhiteElo "2138"]
[BlackElo "2090"]
[PlyCount "70"]
[EventDate "2008.??.??"]

1. e4 e6 2. d4 d5 3. Nd2 Nc6 4. Ngf3 Nf6 5. e5 Nd7 6. c3 f6 7. exf6 Qxf6 8. Bb5
Bd6 9. O-O O-O 10. Qe2 e5 11. Bxc6 bxc6 12. dxe5 Nxe5 13. Nxe5 Bxe5 14. Re1 Bd6
15. Nf1 Bg4 16. f3 Bd7 17. Be3 a5 18. Bd4 Qg6 19. Qf2 Rf5 20. Kh1 Rb8 21. b3
Rg5 22. Re2 c5 23. Bxc5 Bb5 24. Rd2 Bxf1 25. Rxf1 Be5 26. Bd4 Bd6 27. f4 Rf5
28. g3 Rh5 29. Qg2 Re8 30. Rfd1 Qg4 31. Qf2 Rh6 32. Be5 Bxe5 33. fxe5 Rxe5 34.
Rxd5 Rxd5 35. Rxd5 Qe4+ $11 1/2-1/2

[Event "SR 3. liga A2 2008/2009"]
[Site "?"]
[Date "2009.03.22"]
[Round "10.2"]
[White "Gajarsky, Roman"]
[Black "Kovarik, Oto"]
[Result "0-1"]
[WhiteElo "1943"]
[BlackElo "2052"]
[PlyCount "70"]
[EventDate "2008.??.??"]

1. e4 c5 2. Nf3 d6 3. d4 cxd4 4. Nxd4 Nf6 5. Nc3 e6 6. Be3 a6 7. Be2 Be7 8. Qd2
b5 9. a3 Bb7 10. f3 Nbd7 11. g4 Ne5 12. g5 Nfd7 13. b3 Qc7 14. f4 Nc6 15. Nf3
O-O-O 16. b4 Nb6 17. O-O-O Rd7 18. Kb2 Kb8 19. Rhf1 Rhd8 20. Nd4 g6 21. Ndxb5
axb5 22. Nxb5 Na4+ 23. Kb3 Nc5+ 24. bxc5 Qa5 25. cxd6 Bxd6 26. Qxa5 Nxa5+ 27.
Kb2 Be7 28. Bb6 Rxd1 29. Bxd8 Rxd8 30. e5 Rd2 31. Bf3 Ba6 32. a4 Bb4 33. Rd1
Rxd1 34. Bxd1 Bxb5 35. axb5 Bd2 0-1

[Event "SR 3. liga A2 2008/2009"]
[Site "?"]
[Date "2009.03.22"]
[Round "10.3"]
[White "Sefcik, Marek"]
[Black "Kollarik, Gorazd"]
[Result "1-0"]
[WhiteElo "1997"]
[BlackElo "1941"]
[PlyCount "83"]
[EventDate "2008.??.??"]

1. Nc3 e5 2. Nf3 Nc6 3. d4 exd4 4. Nxd4 Nxd4 5. Qxd4 Qf6 6. Qa4 Qc6 7. Qa5 Qc5
8. Qa4 Qb4 9. e4 Qxa4 10. Nxa4 d6 11. Be3 Nf6 12. f3 Be6 13. c4 Be7 14. O-O-O
b6 15. Nc3 O-O-O 16. g4 h6 17. h4 Nh7 18. Nd5 Bxd5 19. cxd5 Nf8 20. Ba6+ Kb8
21. Bd4 Rg8 22. Rd3 Nd7 23. b4 Bf6 24. Bxf6 Nxf6 25. Kd2 Rde8 26. Ke3 Re7 27.
a4 Nd7 28. Rc1 Ne5 29. Rdc3 f6 30. a5 g5 31. h5 Nf7 32. axb6 axb6 33. Ra3 Nd8
34. Bb5 c5 35. dxc6 Nxc6 36. Bxc6 Ra7 37. Rca1 Rgg7 38. Rxa7 Rxa7 39. Rxa7 Kxa7
40. Kd4 Kb8 41. Kd5 Kc7 42. b5 1-0

[Event "SR 3. liga A2 2008/2009"]
[Site "?"]
[Date "2009.03.22"]
[Round "10.4"]
[White "Racik, Marek"]
[Black "Bilovsky, Milan"]
[Result "1/2-1/2"]
[WhiteElo "1932"]
[BlackElo "1911"]
[PlyCount "133"]
[EventDate "2008.??.??"]

1. Nf3 d5 2. c4 e6 3. g3 Nf6 4. Bg2 c5 5. O-O Nc6 6. b3 Be7 7. Bb2 O-O 8. cxd5
exd5 9. d4 b6 10. Qc2 Nb4 11. Qd1 Bf5 12. Na3 Ne4 13. dxc5 bxc5 14. Nd2 Rc8 15.
Nxe4 Bxe4 16. Bh3 Rc6 17. Nb5 Rh6 18. Bg2 Bxg2 19. Kxg2 d4 20. Bc1 Rb6 21. Na3
Qd5+ 22. f3 Ra6 23. e4 dxe3 24. Qe2 Qd3 25. Re1 Bf6 26. Rb1 Qxe2+ 27. Rxe2 Nd3
28. Nc4 Nxc1 29. Rxc1 Re8 30. Rxe3 Rxa2+ 31. Kh3 Rxe3 32. Nxe3 Bd4 33. Nf5 g6
34. Nxd4 cxd4 35. Rd1 Rf2 36. Rd3 h5 37. b4 g5 38. Rxd4 Rxf3 39. Rd5 f6 40. Kg2
Ra3 41. Rd7 Ra2+ 42. Kf3 Ra3+ 43. Ke4 a5 44. b5 Rb3 45. Kf5 Rxb5+ 46. Kxf6 h4
47. g4 Rc5 48. Ra7 Rd5 49. h3 Rb5 50. Kg6 Kf8 51. Kf6 Ke8 52. Ke6 Kd8 53. Kd6
Kc8 54. Kc6 Rb3 55. Rxa5 Kd8 56. Kd6 Rd3+ 57. Rd5 Rxh3 58. Rxg5 Re3 59. Rh5 h3
60. Rh8+ Re8 61. Rxh3 Rg8 62. Rg3 Rg6+ 63. Ke5 Ke7 64. Ra3 Rb6 65. Ra7+ Kf8 66.
g5 Kg8 67. Kf5 1/2-1/2

[Event "SR 3. liga A2 2008/2009"]
[Site "?"]
[Date "2009.03.22"]
[Round "10.5"]
[White "Jozefovic, Milan"]
[Black "Skocik, Jozef"]
[Result "0-1"]
[WhiteElo "1894"]
[BlackElo "1863"]
[PlyCount "128"]
[EventDate "2008.??.??"]

1. e4 c5 2. Bc4 d6 3. Nf3 Nf6 4. Nc3 g6 5. d4 cxd4 6. Nxd4 Bg7 7. O-O O-O 8.
Re1 Nc6 9. Be3 a6 10. a4 Bd7 11. Qd2 Rc8 12. Be2 Qa5 13. Nb3 Qc7 14. a5 Be6 15.
Bb6 Qd7 16. Nd4 d5 17. Nxe6 fxe6 18. exd5 exd5 19. Bf3 e6 20. Na4 Qf7 21. Bc5
Rfe8 22. Nb6 Rcd8 23. c3 Nd7 24. Nxd7 Rxd7 25. Bd1 Qf6 26. Ba4 Rf7 27. Re2 Bf8
28. Bb6 Bd6 29. Qd3 Rc8 30. Qh3 Re8 31. Rae1 Rfe7 32. Bxc6 bxc6 33. Qd3 Ra8 34.
c4 Kf7 35. b3 Qf5 36. Qc3 Qf6 37. Bd4 Qf5 38. c5 Bc7 39. Re3 Kg8 40. Be5 Rf8
41. Rf3 Bxe5 42. Rxe5 Qb1+ 43. Re1 Rxf3 44. gxf3 Qf5 $11 45. Re5 Qf4 46. Qe3
Qxe3 47. Rxe3 Kf7 48. Kf1 Rb7 49. Ke2 Rb5 50. Kd2 Rxc5 51. b4 Rc4 52. Rb3 Ke7
53. Rc3 Rxc3 54. Kxc3 Kd6 55. f4 e5 56. Kd3 exf4 57. Kd4 g5 58. f3 h5 59. h3 h4
60. Kd3 c5 61. bxc5+ Kxc5 62. Kc3 d4+ 63. Kb3 Kb5 64. Kc2 Kc4 0-1

[Event "SR 3. liga A2 2008/2009"]
[Site "?"]
[Date "2009.03.29"]
[Round "11.1"]
[White "Sekera, Branislav"]
[Black "Liptak, Tomas"]
[Result "1-0"]
[WhiteElo "2138"]
[BlackElo "2021"]
[PlyCount "111"]
[EventDate "2008.??.??"]

1. Nf3 Nf6 2. g3 d5 3. Bg2 c5 4. O-O Nc6 5. d3 e5 6. c3 Be7 7. Nbd2 O-O 8. Qc2
Bg4 9. h3 Be6 10. Rd1 Qc7 11. e4 d4 12. c4 a6 13. Nf1 h6 14. Qe2 Nd7 15. g4 b5
16. b3 bxc4 17. dxc4 Rfd8 18. Ng3 Nb6 19. g5 hxg5 20. Bxg5 Rd6 21. Nf5 Bxf5 22.
exf5 Re8 23. Qe4 Bxg5 24. Nxg5 Qe7 25. Qg4 Rh6 26. Ne4 Nd7 27. Qf3 Qh4 28. Re1
Ne7 29. Ng3 Rd6 30. Re4 Qh6 31. Rae1 Nc6 32. Qd1 Nf6 33. R4e2 Qf4 34. Be4 Nb4
35. Bd3 Rd7 36. a3 Nxd3 37. Qxd3 Rde7 38. Re4 Nxe4 39. Rxe4 Qh6 40. Kg2 Rb8 41.
Rg4 Reb7 42. Qe4 Rxb3 43. Qxe5 Qc6+ 44. Ne4 f6 45. Qxc5 Qxc5 46. Nxc5 Rxa3 47.
Ne6 d3 48. Rxg7+ Kh8 49. Rd7 Rg8+ 50. Kf3 Rc8 51. c5 a5 52. Kg4 a4 53. Kh5 Rc3
54. Kg6 a3 55. Kf7 d2 56. Rd4 1-0

[Event "SR 3. liga A2 2008/2009"]
[Site "?"]
[Date "2009.03.29"]
[Round "11.2"]
[White "Sarmír, Milos"]
[Black "Sturdik, Igor"]
[Result "1-0"]
[WhiteElo "2086"]
[BlackElo "2022"]
[PlyCount "57"]
[EventDate "2008.??.??"]

1. e4 Nf6 2. e5 Nd5 3. d4 d6 4. c4 Nb6 5. Nf3 Nc6 6. exd6 exd6 7. Be3 Be7 8.
Nc3 Bg4 9. h3 Bh5 10. Bd3 Bf6 11. g4 Bg6 12. Bxg6 hxg6 13. Qe2 d5 14. c5 Nc4
15. O-O-O O-O 16. h4 Re8 17. g5 Nxe3 18. fxe3 Be7 19. Rdg1 f5 20. h5 gxh5 21.
Rxh5 g6 22. Rh6 Kf7 23. Qh2 Bf8 24. Rh7+ Bg7 25. Rxg7+ Kxg7 26. Qh6+ Kf7 27.
Qh7+ Kf8 28. Rh1 Rxe3 29. Qxg6 1-0

[Event "SR 3. liga A2 2008/2009"]
[Site "?"]
[Date "2009.03.29"]
[Round "11.3"]
[White "Lopatievov, Alexander"]
[Black "Liptak, Dusan"]
[Result "1/2-1/2"]
[WhiteElo "2020"]
[BlackElo "1927"]
[PlyCount "90"]
[EventDate "2008.??.??"]

1. c4 Nf6 2. Nc3 g6 3. e3 Bg7 4. Nf3 O-O 5. Be2 d6 6. O-O e5 7. d4 Nbd7 8. dxe5
dxe5 9. Qc2 c6 10. Rd1 Qe7 11. e4 h6 12. a3 a5 13. Rb1 Nh5 14. b4 $11 Nf4 15.
Bf1 g5 16. Be3 g4 17. Ne1 h5 18. Qd2 Qf6 19. Ne2 Ne6 20. Ng3 h4 21. Nf5 Rd8 22.
Qc1 axb4 23. axb4 Ndf8 24. Rxd8 Qxd8 25. Bh6 Ng6 26. Bxg7 Nxg7 27. Nxg7 Kxg7
28. Qc2 Be6 29. Nd3 b6 30. Rd1 Qe7 31. Rc1 f6 32. Qd2 $11 Qd7 33. Qe3 Qd4 34.
Qxd4 exd4 35. c5 b5 36. f4 gxf3 37. gxf3 Bc4 38. Rd1 Ra3 39. Ne1 Rb3 40. Rxd4
Rxb4 41. Bxc4 Rxc4 42. Rxc4 bxc4 43. Kf2 Nf4 44. Ke3 Ne6 45. Kd2 Nxc5 $11
1/2-1/2

[Event "SR 3. liga A2 2008/2009"]
[Site "?"]
[Date "2009.03.29"]
[Round "11.4"]
[White "Kovacik, Lubomir"]
[Black "Kozinka, Roman"]
[Result "0-1"]
[WhiteElo "1773"]
[BlackElo "2012"]
[PlyCount "60"]
[EventDate "2008.??.??"]

1. d4 Nf6 2. Nf3 e6 3. c4 c5 4. e3 cxd4 5. exd4 Bb4+ 6. Bd2 Be7 7. Bd3 Nc6 8.
a3 d5 9. cxd5 Nxd5 10. Be4 Bf6 11. Be3 O-O 12. O-O g6 13. Nc3 Nce7 14. Qd2 b6
15. Rac1 Bb7 16. Bxd5 Bxd5 17. Ne5 Bb7 18. f4 Nf5 19. Rfd1 Bg7 20. Bf2 Rc8 21.
Qd3 h5 22. Ne2 Qd5 23. Nf3 Rfd8 24. Nc3 Qd6 25. Ne2 Qd5 26. Rxc8 Rxc8 27. Nc3
Qb3 28. Qd2 Bh6 29. g3 Bxf3 30. Re1 Bb7 0-1

[Event "SR 3. liga A2 2008/2009"]
[Site "?"]
[Date "2009.03.29"]
[Round "11.5"]
[White "Zarecky, Eduard"]
[Black "Markuliak, Mario"]
[Result "0-1"]
[WhiteElo "1948"]
[BlackElo "1702"]
[PlyCount "59"]
[EventDate "2008.??.??"]

1. d4 d5 2. c4 e6 3. Nc3 Nf6 4. Nf3 c5 5. e3 Nc6 6. cxd5 Nxd5 7. Bb5 Nxc3 8.
bxc3 Bd7 9. O-O Be7 10. Bb2 O-O 11. Ba4 Qc7 12. Rc1 Na5 13. Bxd7 Qxd7 14. c4
Rfd8 15. Ne5 Qc7 16. Qf3 Bf6 17. Ng4 Bg5 18. d5 f5 19. Ne5 Bf6 20. Nd3 Bxb2 21.
Nxb2 exd5 22. cxd5 Qd6 23. Rfd1 g6 24. g4 fxg4 25. Qxg4 b6 26. Nc4 Nxc4 27.
Qxc4 Rd7 28. Rc3 Rf7 29. Qg4 Qf6 30. Qg3 0-1

[Event "SR 3. liga A2 2008/2009"]
[Site "?"]
[Date "2009.03.29"]
[Round "11.6"]
[White "Olos, Stanislav"]
[Black "Mackovic, Miroslav"]
[Result "0-1"]
[WhiteElo "1587"]
[BlackElo "1972"]
[PlyCount "20"]
[EventDate "2008.??.??"]

1. e4 c5 2. Nf3 d6 3. Bb5+ Bd7 4. Bxd7+ Nxd7 5. d4 cxd4 6. Qxd4 Ngf6 7. e5 dxe5
8. Nxe5 Qa5+ 9. Bd2 Qxe5+ 10. Qxe5 Nxe5 0-1

[Event "SR 3. liga A2 2008/2009"]
[Site "?"]
[Date "2009.03.29"]
[Round "11.7"]
[White "Gajarsky, Julius"]
[Black "Prigoda, Lubos"]
[Result "1-0"]
[WhiteElo "1807"]
[BlackElo "1435"]
[PlyCount "63"]
[EventDate "2008.??.??"]

1. d4 Nf6 2. c4 e6 3. Nc3 d5 4. Nf3 Nc6 5. e3 Be7 6. Be2 O-O 7. O-O b6 8. a3
Bb7 9. b4 a6 10. Qc2 Rc8 11. Rd1 Nb8 12. c5 Nbd7 13. Bd3 Re8 14. Bb2 Nf8 15.
Ne5 c6 16. f4 a5 17. Qf2 Ne4 18. Nxe4 dxe4 19. Bxe4 f6 20. Nf3 Qc7 21. g4 Red8
22. Kh1 Rd7 23. f5 Rcd8 24. fxe6 Nxe6 25. Bf5 Kf7 26. Rf1 axb4 27. axb4 bxc5
28. Bxe6+ Kxe6 29. Ng5+ Kd5 30. Qf5+ Kc4 31. Ne6 Qd6 32. Rfc1+ 1-0

[Event "SR 3. liga A2 2008/2009"]
[Site "?"]
[Date "2009.03.29"]
[Round "11.8"]
[White "Gbelec, Peter"]
[Black "Mackovic, Matus"]
[Result "0-1"]
[WhiteElo "1350"]
[BlackElo "1678"]
[PlyCount "60"]
[EventDate "2008.??.??"]

1. e4 e6 2. d4 d5 3. Nd2 c5 4. exd5 Qxd5 5. dxc5 Bxc5 6. Ngf3 Nf6 7. Bc4 Qc6 8.
O-O O-O 9. Ne5 Qc7 10. Qe2 Nc6 11. Nxc6 Qxc6 12. Nf3 Nd7 13. a3 a6 14. b4 Be7
15. Bb2 Bf6 16. Bxf6 Nxf6 17. Bb3 b5 18. Ne5 Qc3 19. Rad1 Bb7 20. Rd3 Qc7 21.
Nxf7 Qc6 22. Nh6+ Kh8 23. Rg3 gxh6 24. Qxe6 Qxe6 25. Bxe6 Bd5 26. Bxd5 Nxd5 27.
Rd1 Nf4 28. Re3 Rad8 29. Rxd8 Rxd8 30. g3 Rd1+ 0-1

[Event "SR 3. liga A2 2008/2009"]
[Site "?"]
[Date "2009.03.29"]
[Round "11.1"]
[White "Lesny, Stefan"]
[Black "Hudacek, Josef"]
[Result "1/2-1/2"]
[WhiteElo "2105"]
[BlackElo "2065"]
[PlyCount "60"]
[EventDate "2008.??.??"]

1. e4 g6 2. f4 Bg7 3. Nf3 d6 4. c3 Nc6 5. d3 e6 6. Na3 f5 7. Nc4 Nf6 8. e5 Nd5
9. d4 O-O 10. Be2 a6 11. Bd2 b5 12. Na3 dxe5 13. dxe5 Nb6 14. Be3 Qe7 15. O-O
Nd5 16. Qc1 Nxe3 17. Qxe3 Bb7 18. Nc2 Rfd8 19. Rad1 Bf8 20. Rxd8 Rxd8 21. Rd1
Rxd1+ 22. Bxd1 Qd7 23. Be2 Qd5 24. Qd3 Bc5+ 25. Kf1 Ne7 26. c4 Qxd3 27. Bxd3
Bxf3 28. gxf3 b4 29. Be2 Nc8 30. Bd1 Bd4 $11 1/2-1/2

[Event "SR 3. liga A2 2008/2009"]
[Site "?"]
[Date "2009.03.29"]
[Round "11.2"]
[White "Kapusta, Petr"]
[Black "Kolesar, Rastislav"]
[Result "1-0"]
[WhiteElo "2084"]
[BlackElo "1978"]
[PlyCount "97"]
[EventDate "2008.??.??"]

1. e4 c6 2. d4 d5 3. Nc3 dxe4 4. Nxe4 Bf5 5. Ng3 Bg6 6. f4 e6 7. Nf3 Nd7 8. Bc4
Be7 9. O-O Qc7 10. c3 h5 11. Ne5 Nxe5 12. fxe5 h4 13. Ne2 h3 14. g3 O-O-O 15.
Nf4 Bf5 16. g4 Be4 17. Qe2 Bd5 18. Bxd5 exd5 19. Qf3 Qd7 20. Nxh3 Nh6 21. Bxh6
Rxh6 22. Nf4 Rdh8 23. Rf2 f6 24. Re1 fxe5 25. Rxe5 Rf6 26. g5 Rf5 27. Qg4 Rxe5
28. Qxd7+ Kxd7 29. dxe5 Bxg5 30. Ng6 Rh6 31. Rf7+ Ke6 32. Rxg7 Kf5 33. Ne7+ Kg4
34. Kg2 Re6 35. h3+ Kf4 36. Ng6+ Kf5 37. Nf8 Rxe5 38. Rf7+ Ke4 39. Rxb7 Kd3 40.
Rxa7 Re2+ 41. Kf3 Be3 42. Ra8 Rxb2 43. Ng6 Rf2+ 44. Kg3 Rf5 45. Ne7 Rf6 46. Rc8
Kxc3 47. Nxd5+ Kd3 48. Nxf6 c5 49. Nd7 1-0

[Event "SR 3. liga A2 2008/2009"]
[Site "?"]
[Date "2009.03.29"]
[Round "11.3"]
[White "Ujhelyi, Matus"]
[Black "Kubis, Ivan"]
[Result "0-1"]
[WhiteElo "1926"]
[BlackElo "2042"]
[PlyCount "54"]
[EventDate "2008.??.??"]

1. e4 e5 2. Nf3 Nc6 3. Bb5 a6 4. Ba4 Nf6 5. O-O b5 6. Bb3 Be7 7. Re1 O-O 8. h3
Bb7 9. d4 Nxd4 10. Bxf7+ Rxf7 11. Nxe5 Rf8 12. Qxd4 c5 13. Qd3 c4 14. Qd4 Qc7
15. Be3 Nxe4 16. Nc3 Nxc3 17. Qxc3 d6 18. Ng4 Qc6 19. f3 Rxf3 20. Qd2 Rg3 21.
Re2 h5 22. Bf4 Rxh3 23. Rxe7 Rh4 24. Rxg7+ Kxg7 25. Qd4+ Kg8 26. Ne3 Rg4 27. g3
Re8 0-1

[Event "SR 3. liga A2 2008/2009"]
[Site "?"]
[Date "2009.03.29"]
[Round "11.4"]
[White "Londin, Martin"]
[Black "Obdrzalkova, Anitta"]
[Result "1-0"]
[WhiteElo "1996"]
[BlackElo "2005"]
[PlyCount "41"]
[EventDate "2008.??.??"]

1. e4 c5 2. Nf3 d6 3. d4 cxd4 4. Nxd4 Nf6 5. Nc3 a6 6. Bd3 e5 7. Nde2 Be7 8.
O-O O-O 9. h3 Nc6 10. a3 b5 11. Be3 Be6 12. Ng3 Rc8 13. Qf3 Na5 14. Nf5 Bxf5
15. Qxf5 g6 16. Qf3 Kg7 17. Rfd1 Re8 18. Ne2 Qc7 19. Ng3 Nc4 20. Bc1 Bf8 21.
Bh6+ 1-0

[Event "SR 3. liga A2 2008/2009"]
[Site "?"]
[Date "2009.03.29"]
[Round "11.5"]
[White "Takacs, Laszlo"]
[Black "Vepy, Ivan"]
[Result "1-0"]
[WhiteElo "1736"]
[BlackElo "1941"]
[PlyCount "81"]
[EventDate "2008.??.??"]

1. e4 e5 2. Nf3 d6 3. d4 exd4 4. Nxd4 Nf6 5. Nc3 Be7 6. Be2 O-O 7. O-O a6 8. f4
c5 9. Nb3 Nc6 10. Kh1 Re8 11. Bf3 Rb8 12. Be3 Bf8 13. Bg1 Qc7 14. Re1 b5 15.
Nd5 Nxd5 16. Qxd5 Bb7 17. Qg5 Be7 18. Qg3 Bf6 19. c3 b4 20. cxb4 Nxb4 21. Re2
a5 22. a3 Nd3 23. Rb1 Ba6 24. e5 dxe5 25. Nxc5 Nxc5 26. Rc2 exf4 27. Qh3 Bd3
28. Rxc5 Qxc5 29. Bxc5 Bxb1 30. Bg1 Re1 31. Qd7 Rd8 32. Qc7 g5 33. h3 Rde8 34.
Kh2 Rxg1 35. Kxg1 Bd4+ 36. Kh2 Bf2 37. g4 fxg3+ 38. Kg2 h6 39. Bd5 Bg6 40. Qc6
Re1 41. Qxg6+ 1-0

[Event "SR 3. liga A2 2008/2009"]
[Site "?"]
[Date "2009.03.29"]
[Round "11.6"]
[White "Vach, Jozef"]
[Black "Kahancova, Ivana"]
[Result "1-0"]
[WhiteElo "1917"]
[BlackElo "1700"]
[PlyCount "61"]
[EventDate "2008.??.??"]

1. d4 d5 2. c4 Nf6 3. Nc3 e6 4. Bg5 Be7 5. e3 O-O 6. Nf3 Nc6 7. Bd3 dxc4 8.
Bxc4 Nd5 9. Bxe7 Ncxe7 10. O-O c6 11. Rc1 h6 12. Bd3 Ng6 13. Bb1 Qb6 14. Na4
Qb4 15. a3 Qe7 16. Qc2 Nf6 17. Ne5 Qe8 18. Nxg6 fxg6 19. Qxg6 Qxg6 20. Bxg6 Nd5
21. Nc5 Rf6 22. Bd3 b6 23. Ne4 Rf8 24. Rxc6 Bd7 25. Rcc1 Rac8 26. Nd6 Rb8 27.
g3 Rfd8 28. e4 Nf6 29. Rc7 a5 30. Rfc1 Rf8 31. e5 1-0

[Event "SR 3. liga A2 2008/2009"]
[Site "?"]
[Date "2009.03.29"]
[Round "11.7"]
[White "Mezei, Tibor"]
[Black "Hrubsa, Marian"]
[Result "0-1"]
[WhiteElo "1640"]
[BlackElo "1909"]
[PlyCount "66"]
[EventDate "2008.??.??"]

1. d4 d5 2. c4 e6 3. Nc3 Nf6 4. Nf3 Nbd7 5. Bf4 c6 6. cxd5 exd5 7. e3 Qa5 8. a3
Ne4 9. Qc2 Bb4 10. Rc1 Bxc3+ 11. bxc3 Qxa3 12. Bd3 Ndf6 13. Be5 O-O 14. h3 b6
15. Nd2 Ba6 16. Nxe4 Bxd3 17. Nxf6+ gxf6 18. Qxd3 Qxc1+ 19. Ke2 Qb2+ 20. Kf3
fxe5 21. dxe5 Qa3 22. h4 Qe7 23. Qd4 f6 24. Qg4+ Qg7 25. Qe6+ Kh8 26. h5 fxe5+
27. Ke2 Rf6 28. Qh3 Raf8 29. f3 Qg5 30. h6 d4 31. f4 exf4 32. Qd7 Qxg2+ 33. Kd3
Qg6+ 0-1